| 000 | 01509nam a2200421Ii 4500 | ||
|---|---|---|---|
| 001 | DIGCUAR0037 | ||
| 003 | NyNyDIG | ||
| 008 | 150310s2012 cl o 000 f spa d | ||
| 006 | m o d | ||
| 007 | cr ||||||||||| | ||
| 035 | _a(OCoLC)882500239 | ||
| 040 |
_aDGITA _beng _erda _epn _cDGITA |
||
| 020 |
_a9781299755246 _q(eBook) |
||
| 020 |
_a1299755240 _q(eBook) |
||
| 020 | _z9789562606097 | ||
| 020 | _z9562606090 | ||
| 050 | 1 | 4 | _aPQ8098.429.O78 ebook |
| 100 | 1 |
_aSoto Luque, José, _eauthor. |
|
| 245 | 1 | 0 |
_aOjos de navegante / _cJosé Soto Luque. |
| 250 | _aPrimera edición. | ||
| 264 | 1 |
_aProvidencia, Santiago de Chile : _bEditorial Cuarto Propio, _cjulio de 2012. |
|
| 300 | _a1 online resource | ||
| 336 |
_atext _btxt _2rdacontent |
||
| 337 |
_acomputer _bc _2rdamedia |
||
| 338 |
_aonline resource _bcr _2rdacarrier |
||
| 490 | 1 | _aColección Caminos de la conciencia | |
| 500 | _aNovel. | ||
| 588 | 0 | _aOnline resource; title from PDF title page (Digitalia, viewed May 10, 2015) | |
| 655 | 0 | 7 |
_aFiction. _2lcgft |
| 655 | 0 | _aElectronic books. | |
| 791 | 2 |
_aDigitalia (Firm), _edistributor. |
|
| 793 | 0 |
_gDigitalia eBook Collection: _aCuarto Propio |
|
| 776 | 0 | 8 |
_iPrint version: _aSoto Luque, José. _tOjos de navegante. _dProvidencia : Editorial Cuarto Propio, 2012. _z9789562606097 |
| 830 | 0 | _aColección caminos de la conciencia. | |
| 856 | 4 | 0 |
_3Digitalia Hispánica _uhttps://www.digitaliapublishing.com/a/25329/ |
| 910 | _aPremium Collection: 2015 | ||
| 942 | _cRAA | ||
| 999 |
_c238540 _d238540 |
||